Name All Super Mariokart Tracks - Statistics

General Stats
  • This quiz has been taken 8 times
  • The average score is 13 of 20
Answer Stats
Cup Answer % Correct
1 Mario Circuit 1
100%
5 Mario Circuit 2
100%
5 Mario Circuit 3
100%
5 Mario Circuit 4
100%
5 Rainbow Road
83%
4 Bowser Castle 1
67%
4 Bowser Castle 2
67%
4 Bowser Castle 3
67%
2 Donut Plains 1
67%
3 Donut Plains 2
67%
1 Donut Plains 3
67%
3 Vanilla Lake 1
67%
4 Vanilla Lake 2
67%
1 Choco Island 1
50%
2 Choco Island 2
50%
3 Ghost Valley 1
50%
2 Ghost Valley 2
50%
3 Ghost Valley 3
50%
1 Koopa Beach 1
33%
2 Koopa Beach 2
33%
No matching quizzes found
Score Distribution
Percent of People with Each Score
Percentile by Number Answered
Your Score History
You have not taken this quiz